| 000 | 01475nam a2200265 a 4500 | ||
|---|---|---|---|
| 001 | 000033585 | ||
| 003 | DO-SdBNP | ||
| 005 | 20250318152950.0 | ||
| 008 | 110901s1823 enk 000 0 eng d | ||
| 040 |
_aDO-SdBNP _bspa _cBNPHU |
||
| 100 |
_aCOLÓN, CRISTOBAL, _d1436-1456 _919795 |
||
| 245 | 1 | 0 |
_aMemorials of Columbus,or a collection of authentic documents of that celebrated navigator : _bnow first published from the original manuscripts, by order of the decurions of Genoa; preceded by a memoir of his life and discoveries / _ctranslated from the Spanish and Italian by Gio. Batista Spotorno. |
| 246 | 3 | 0 | _aMemorials of Columbus |
| 246 | 3 | 0 | _aCollection of authentic documents of that celebrated navigator |
| 246 | 3 | 0 | _aHistorical memoir of Christopher Columbus and his discoveries |
| 260 |
_aLondon : _bTreuttel and Wurtz, Treuttel jun., and Richter, _c1823. |
||
| 300 |
_aclix, 255 p. : _bil. ; _c22 cm. |
||
| 505 | 0 |
_tHistorical memoir of Christopher Columbus and his discoveries / _rby D. Gio. Batista Spotorno . -- _tLetters, privileges, notes, and other writings of Don Christopher Columbus. |
|
| 600 | 0 |
_aCOLÓN, CRISTOBAL, _d1436-1456 _919795 |
|
| 650 | 2 | 4 |
_aExploradores _zEspaña _xBiografía _959078 |
| 651 | 4 |
_aAmérica -- _xDescubrimiento y exploración -- _xEspañoles _vEnsayo, conferencias, etc. _9544 |
|
| 651 | 4 |
_aEspaña _xHistoria _yFERNANDO E ISABEL, 1479-1516 _959080 |
|
| 700 | 1 |
_aSpotorno, Giovanni Battista, _d1788-1844 _959081 |
|
| 942 |
_2ddc _cLBS1 |
||
| 999 |
_c33076 _d33076 |
||